1266 1316 1884 1229 1824 1257 1096 1632 1664 1671 1305 1721 1786 1416 1102 1402 1399 1647 1843 1642 1587 1211 1096 1808 1715 1100 1404 1110 1536 1691 1151 1007 1811 1833 1530 1321 1375 1801 1375 1231 1088 1110 1152 1683 1747 1327 1466 1449 1989 1931 1757 1636 1783 1603 1046 1248 1166 1628 1578 1007 1685 1223 1669 1428 1954 1175 1610 1842 1248 1551 1279 1430 1156 1764 1369 1059 1105 1206 1956 1430 1993 1620 1417 1996 1907 1961 1346 1631 1449 1237 1164 1874 1580 1043 1714 1444 1078 1309 1525 BCNSPRNW ULIB Ver.6.0+V

เปลี่ยนเป็นภาษาไทย

Change to English
 แสดงรายละเอียดบรรณานุกรม
  กลับหน้าหลัก

Brief Record : Get Marc (ISO 2709) : E-mail record : QR code < ปิดหน้าต่าง
LEADER : 00000nam 2200000uu 4500
001    13399123941
003     ULIB
008    141215s2556||||th 000 0 tha d
020    ^a9786162793332
060 04 ^aWI141^bส826E
100 0  ^aสุพจน์ พงศ์ประสบชัย,^eบรรณาธิการ
245 00 ^aEndoscopic complications /^cบรรณาธิการ, สุพจน์ พงศ์ประสบชัย ...[และคนอื่นๆ]
250    ^aพิมพ์ครั้งที่ 1
260    ^aกรุงเทพฯ :^bกรุงเทพเวชสาร,^c2556
300    ^aก-ซ, 174 หน้า :^bภาพประกอบ (สีบางภาพ) ;^c22 ซม.
650  4 ^aกระเพาะอาหารและลำไส้, โรค
650  4 ^aเอ็นโดสโคปีย์
650  4 ^aการส่องกล้อง
700 0  ธวัชชัย อัครวิพุธ,^eบรรณาธิการ
700 0  สมชาย ลีลากุศลวงศ์,^eบรรณาธิการ
700 0  โฉมศรี โฆษิตชัยวัฒน์,^eบรรณาธิการ
945    ^p500^l0^i22735
945    ^p500^l0^i22736
999    ^aทศพร เกษรทอง
รายการนี้ยังไม่มีแท็ก
คุณยังไม่ได้ล็อกอิน คุณสามารถมีกิจกรรมร่วมกับเว็บไซต์ได้ แต่ต้องล็อกอินก่อน ::
  ล็อกอิน

รายการสื่อสารสนเทศ

ลำดับที่ ประเภท เลขเรียก/บาร์โค้ด สถานที่ สถานะ
1. วิทยาศาสตร์การแพทย์ และสุขภาพ
วิทยาศาสตร์การแพทย์ และสุขภาพ
WI141 ส826E ฉ.1 
  Barcode: 22735
ห้องสมุดวิทยาเขตนครสวรรค์
►หนังสือทั่วไป:l:General Books
บนชั้น
2. วิทยาศาสตร์การแพทย์ และสุขภาพ
วิทยาศาสตร์การแพทย์ และสุขภาพ
สถานะ=หนังสือเก่า
WI141 ส826E ฉ.2 
  Barcode: 22736
ห้องสมุดวิทยาเขตนครสวรรค์
►ส่วนจัดเก็บหนังสือเก่า นว.
บนชั้น
  ขอยืม

รายการใกล้เคียง
    ผู้แต่ง [สุพจน์ พงศ์ประสบชัย, บรรณาธิการ]

    หัวเรื่อง [กระเพาะอาหารและลำไส้, โรค]
    หัวเรื่อง [เอ็นโดสโคปีย์]
    หัวเรื่อง [การส่องกล้อง]

BibComment


ยังไม่เคยถูกคอมเมนท์

คอมเมนท์ทรัพยากรรายการนี้
  คอมเมนท์: Endoscopic compl..


 Copyright 2026. Bcnsprnw @Library